Pays par images satellites n°1 - Statistiques

Statistiques générales
  • Ce quiz a été pris 22 280 fois
  • Le résultat moyen est 11 sur 16
Statistiques - réponses
Par images Réponse % Correct
Italie
100%
Australie
99%
France
99%
Royaume-Uni
98%
Chine
94%
Islande
93%
Portugal
88%
Brésil
82%
Panama
71%
Tunisie
50%
Malaisie
46%
Bahamas
41%
Fidji
35%
Émirats arabes unis
31%
Cap-Vert
30%
Tanzanie
27%
Aucun quiz correspondant
Distribution des résultats
% des personnes avec chaque résultat
Percentile par nombre de réponses
Votre historique - résultats
Vous n’avez pas pris ce quiz